书目信息 |
| 题名: |
建筑实用标准气象数据手册
|
|
| 作者: | 张晴原 , 杨洪兴 | |
| 分册: | ||
| 出版信息: | 北京 中国建筑工业出版社 2012.01 |
|
| 页数: | 301页 | |
| 开本: | 26cm | |
| 丛书名: | ||
| 单 册: | ||
| 中图分类: | TU119-62 | |
| 科图分类: | ||
| 主题词: | 建筑学:物理学 | |
| 电子资源: | ||
| ISBN: | 978-7-112-13770-1 | |
| 000 | 00687 nam 000241 | |
| 001 | 0100004006 | |
| 005 | 20191109092317.14 | |
| 010 | @a978-7-112-13770-1@dCNY60.00 | |
| 100 | @a20130528d1997 em y0chiy0121 ea | |
| 101 | @achi | |
| 102 | @aCN@b110000 | |
| 105 | @ay z 000yy | |
| 200 | 10 | @a建筑实用标准气象数据手册@f张晴原,杨洪兴@Fzhang qing yuan yang hong xing |
| 210 | @a北京@c中国建筑工业出版社@d2012.01 | |
| 215 | @a301页@d26cm | |
| 540 | @a建筑实用标准气象数据手册 | |
| 606 | @a建筑学:物理学 | |
| 690 | @aTU119-62 | |
| 701 | 0 | @a张晴原@9zhang qing yuan |
| 701 | 1 | @a杨洪兴@9yang hong xing |
| 801 | @aCN@c20130701 | |
| 901 | @a012 | |
| 905 | @b1099850-2@dTU119-62@eZ158 | |
| 建筑实用标准气象数据手册/张晴原,杨洪兴.-北京:中国建筑工业出版社,2012.01 |
| 301页;26cm |
| ISBN 978-7-112-13770-1:CNY60.00 |
| ● |
| 相关链接 |
|
|
|
正题名:建筑实用标准气象数据手册
索取号:TU119-62/Z158
 
预约/预借
| 序号 | 登录号 | 条形码 | 馆藏地/架位号 | 状态 | 备注 |
| 1 | 1099850 | 210998508 | 建筑库101/101建筑库 26排3列3层/ [索取号:TU119-62/Z158] | 在馆 | |
| 2 | 1099851 | 210998517 | 建筑库101/101建筑库 26排3列3层/ [索取号:TU119-62/Z158] | 在馆 | |
| 3 | 1099852 | 210998526 | 建筑库101/101建筑库 26排3列3层/ [索取号:TU119-62/Z158] | 在馆 | |
| 4 | 1302302 | 213023020 | 建筑库101/101建筑库 26排3列3层/ [索取号:TU119-62/Z158] | 在馆 | |
| 5 | 1302303 | 213023039 | 建筑库101/101建筑库 26排3列3层/ [索取号:TU119-62/Z158] | 在馆 | |
| 6 | 1302304 | 213023048 | 建筑库101/101建筑库 26排3列3层/ [索取号:TU119-62/Z158] | 在馆 | |
| 7 | 1302305 | 213023057 | 建筑库101/101建筑库 26排3列3层/ [索取号:TU119-62/Z158] | 在馆 | |
| 8 | 1302306 | 213023066 | 建筑库101/101建筑库 26排3列3层/ [索取号:TU119-62/Z158] | 在馆 | |
| 9 | 1302307 | 213023075 | 建筑库101/101建筑库 26排3列3层/ [索取号:TU119-62/Z158] | 在馆 |